Plane Quiz - Statistics

General Stats
  • This quiz has been taken 15 times
  • The average score is 8 of 15
Answer Stats
Question Answer % Correct
Which does NOT have 4 engines? A330NEO
79%
Which one is the fastest? SF50 Vision Jet
79%
Which airline is based in North Korea? Air Koryo
71%
Which Airline DOESNT operate the A380 as of right now? Air France
57%
Which airline has both the 737 MAX & A321NEO? American
57%
How many Commercial Airports does Maryland have? 3
50%
Which plane was involved in Air India 171? Boeing 787-8 Dreamliner
50%
Which has 3 engines BUT No T-Tail? L-1011
50%
Which airline has the MOST 737's? [737NG, Max. etc.] Southwest
50%
Which has recently filed for Chapter 11 Bankruptcy? Spirit
50%
Which one of these are in commercial service? Comac C919
43%
Which one of these has the MOST Runways? Denver [DEN]
43%
Which has the MOST engines? B-36D Peacemaker
36%
Where is United Airlines HQ planning to move to? [Current at ORD] Denver
21%
Which plane is the SLOWEST in terms of cruise speed? An-2
14%
No matching quizzes found
Score Distribution
Percent of People with Each Score
Percentile by Number Answered
Your Score History
You have not taken this quiz